| 000 | 00350nam a22001457a 4500 | ||
|---|---|---|---|
| 008 | 250403b |||||||| |||| 00| 0 eng d | ||
| 020 | _a0075609967 | ||
| 050 |
_aHF5429 _b.S74 |
||
| 100 | _aSTEVENSON N. Lawrence | ||
| 245 | _aPower Refail | ||
| 250 | _a9 | ||
| 260 |
_aCanada _bMcGraw-Hill Ryerson Limited _c1999 |
||
| 300 | _avi, 354p. | ||
| 942 | _cBK | ||
| 999 |
_c2830 _d2830 |
||